000 00433cam a2200181ua 4500
020 _c1.00
041 _amal
_h
082 _a894.812 308
_bVAR/NE
100 _aVarkey, Ponkunnam.
245 _aNeeravi /
_cPonkunnam Varkey.
_hTextual Documents
250 _a2 /
_b.
260 _aThrissur :
_bThe Mangalodayam Pvt Ltd ,
_c1954.
300 _a42 ; .
365 _a1.00
504 _a
942 _cBK
999 _c6137
_d6137